00981nac a22002651u 4500010001600000020004100016020001500057082001900072090001500091100003400106245007800140260004300218300003500261500002700296504006400323511002900387650002200416650002300438650003700461650003800498650002400536942002100560999001500581952011900596 a 93015010 a0070308705 (acidâ‚‹free paper) a007030870500a647.94068bHUF c5904d5904 aHuffadine, Margaret. 10aProject management in hotel and resort development /cMargaret Huffadine. aNew York :bMcGraw-Hill,c1993.cc1993. axiii, 251 p. :bill. ;c29 cm. aDistribter : Al-Ahram. aIncludes bibliographical references (p. 237-239) and index. aCatalogued By : Mahitab. 0aHotelsxPlanning. 0aResortsxPlanning. 0aHotelsxDesign and construction. 0aResortsxDesign and construction. 0aResort development. cBBk647.94068HUF c5904d5904 00104070aMAINbMAINc1STd2007-11-08ePurchasel1o647.94068HUFp000007004r2025-07-15 00:00:00s2015-02-17yBB